000 00161 a2200085 4500
041 _aspa
100 _aVulliamy, Clara
245 _aBaby bug en EspaoÌšl
942 _cBK
999 _c7948
_d7948